| 000 | 00464nam a22001811 4500 | ||
|---|---|---|---|
| 001 | bimo0000925125 | ||
| 003 | OSt | ||
| 005 | 20130613114554.0 | ||
| 008 | 900725s1962 sp spa | ||
| 040 |
_aSpMaBN _cBMC |
||
| 082 | _a867.6 | ||
| 100 |
_aGómez de la Serna, Ramón _d1888-1963 _946 |
||
| 245 | 1 | 0 |
_aCaprichos _cRamón Gómez de la Serna |
| 260 | 0 |
_aMadrid _bEspasa Calpe _c1962 |
|
| 300 |
_a229 p. _c18 cm |
||
| 490 | 0 |
_aAustral _v1321 |
|
| 942 |
_2ddc _cBK |
||
| 999 |
_c789 _d789 |
||